000 00841nam a2200181Ia 4500
008 090630s9999 xx 000 0 und d
082 _b25336
100 _aखांबेटे सतिश / ठाकूर योगेंद्र.
245 _aपत्रकारिता एक आव्हान.
_cखांबेटे सतिश / ठाकूर योगेंद्र.
260 _bआमोद - मुंबई.
_c2006
300 _a168
600 _aखांबेटे सतिश / ठाकूर योगेंद्र.
630 _aपत्रकारिता एक आव्हान.
655 _aइतर.
700 _aखांबेटे सतिश / ठाकूर योगेंद्र.
730 _aपत्रकारिता एक आव्हान.
942 _cBOOK
999 _c277192
_d277192